| 000 | 00548cam a2200181 i 4500 | ||
|---|---|---|---|
| 020 | _a0138553041 | ||
| 082 | 0 | 0 |
_a624.1773 _bSCH _cL-40, P-66. |
| 100 | 1 |
_aSchodek, Daniel L., _91389 |
|
| 245 | 1 | 0 |
_aStructures _cDaniel L. Schodek. |
| 260 |
_aEnglewood Cliffs, N.J. : _bPrentice-Hall, _cc2001. |
||
| 300 |
_axvi, 581 p. : _bill. ; _c25 cm. |
||
| 500 | _aIncludes index. | ||
| 526 |
_a0 _b0 _c0 _d624_177300000000000_SCH |
||
| 650 | 0 |
_aMCE _9379 |
|
| 650 | 0 |
_aStructural analysis (Engineering) _9654 |
|
| 650 | 0 | _aStructural design. | |
| 942 |
_2ddc _cBK |
||
| 999 |
_c546840 _d546840 |
||